<?xml version="1.0" encoding="UTF-8"?>
<record
    xmlns:xsi="http://www.w3.org/2001/XMLSchema-instance"
    xsi:schemaLocation="http://www.loc.gov/MARC21/slim http://www.loc.gov/standards/marcxml/schema/MARC21slim.xsd"
    xmlns="http://www.loc.gov/MARC21/slim">

  <leader>00469nam a22001577a 4500</leader>
  <controlfield tag="003">OSt</controlfield>
  <controlfield tag="005">20240415094439.0</controlfield>
  <controlfield tag="008">240415b        |||||||| |||| 00| 0 eng d</controlfield>
  <datafield tag="040" ind1=" " ind2=" ">
    <subfield code="c">MRSPTU</subfield>
  </datafield>
  <datafield tag="100" ind1=" " ind2=" ">
    <subfield code="a">Leo Saho Che (&#xA32;&#xA3F;&#xA13; &#xA38;&#xA3C;&#xA3E;&#xA13; &#xA1A;&#xA40;)</subfield>
  </datafield>
  <datafield tag="245" ind1=" " ind2=" ">
    <subfield code="a">Change Comenicist kiwe Banye (&#xA1A;&#xA70;&#xA17;&#xA47; &#xA15;&#xA2E;&#xA3F;&#xA0A;&#xA28;&#xA3F;&#xA38;&#xA1F; &#xA15;&#xA3F;&#xA35;&#xA47;&#xA02; &#xA2C;&#xA23;&#xA40;&#xA0F;?)</subfield>
  </datafield>
  <datafield tag="250" ind1=" " ind2=" ">
    <subfield code="a">1st</subfield>
  </datafield>
  <datafield tag="260" ind1=" " ind2=" ">
    <subfield code="a">Punjab</subfield>
    <subfield code="b">Sangam Publications</subfield>
    <subfield code="c">1996</subfield>
  </datafield>
  <datafield tag="300" ind1=" " ind2=" ">
    <subfield code="a">128</subfield>
  </datafield>
  <datafield tag="942" ind1=" " ind2=" ">
    <subfield code="2">ddc</subfield>
    <subfield code="c">BK</subfield>
    <subfield code="n">0</subfield>
  </datafield>
  <datafield tag="952" ind1=" " ind2=" ">
    <subfield code="0">0</subfield>
    <subfield code="1">0</subfield>
    <subfield code="2">ddc</subfield>
    <subfield code="4">0</subfield>
    <subfield code="7">0</subfield>
    <subfield code="8">BK</subfield>
    <subfield code="a">MCL</subfield>
    <subfield code="b">MCL</subfield>
    <subfield code="d">2024-04-15</subfield>
    <subfield code="l">1</subfield>
    <subfield code="p">G-189</subfield>
    <subfield code="r">2025-03-03 12:56:08</subfield>
    <subfield code="s">2025-02-19</subfield>
    <subfield code="w">2024-04-15</subfield>
    <subfield code="y">BK</subfield>
  </datafield>
  <datafield tag="999" ind1=" " ind2=" ">
    <subfield code="c">10022</subfield>
    <subfield code="d">10022</subfield>
  </datafield>
</record>
